[Event "Hungary HUN"]
[Site "?"]
[Date "2005.10.16"]
[Round "1"]
[White "Varga Zoltan"]
[Black "Portisch Lajos"]
[Result "1/2-1/2"]
[WhiteElo "2525"]
[BlackElo "2534"]
[PlyCount "123"]
[EventDate "2005.??.??"]
[Source "www.chesslib.no"]
[SourceDate "2004.05.04"]

1. e4 e5 2. Nf3 Nc6 3. Nc3 Nf6 4. Bb5 Bb4 5. O-O O-O 6. d3 d6 7. Bxc6 bxc6 8. Ne2 Kh8 9. Ng3 Ng8 10. Be3 Ba5 11. c4 c5 12. h3 Rb8 13. Rb1 Bd7 14. a3 Rb7 15. Bd2 Bxd2 16. Qxd2 Qf6 17. b4 Rfb8 18. Kh2 Qd8 19. Ra1 cxb4 20. axb4 Rxb4 21. Rxa7 Ne7 22. c5 Nc6 23. Ra2 dxc5 24. Rc2 Qe7 25. Rfc1 R4b5 26. Ne2 Nb4 27. Nc3 Nxc2 28. Nxb5 Nb4 29. Na3 f6 30. Ne1 Ra8 31. Nac2 Be6 32. Rb1 Rb8 33. Qc3 Bg8 34. Ra1 Qd6 35. Ra5 Nxc2 36. Qxc2 c4 37. dxc4 Qb4 38. Ra1 Rd8 39. Rb1 Qc5 40. Rb5 Qc6 41. Nf3 Qxc4 42. Qxc4 Bxc4 43. Rc5 Bd3 44. Rxc7 Bxe4 45. Nd2 Bg6 46. Nc4 h5 47. g4 h4 48. g5 Be4 49. Ne3 Rd2 50. Kg1 fxg5 51. Rc5 Rb2 52. Ng2 Rb1+ 53. Kh2 Bxg2 54. Kxg2 Re1 55. f3 Re2+ 56. Kf1 Rh2 57. Rxe5 Rxh3 58. Rxg5 Rxf3+ 59. Kg2 Rg3+ 60. Rxg3 hxg3 61. Kxg3 Kh7 62. Kh3 1/2-1/2

[Event "RUS-Cup"]
[Site "Krasnodar"]
[Date "1998.??.??"]
[Round "1"]
[White "Alavkin, Arseny"]
[Black "Aleksandrov, Aleksej"]
[Result "0-1"]
[WhiteElo "2440"]
[BlackElo "2615"]
[PlyCount "102"]
[EventDate "1998.??.??"]
[Source "www.chesslib.no"]
[SourceDate "2004.05.04"]

1. e4 e5 2. Nf3 Nc6 3. Nc3 Nf6 4. Bb5 Bb4 5. O-O O-O 6. d3 Bxc3 7. bxc3 d6 8. Bg5 Qe7 9. Re1 Nd8 10. d4 Ne6 11. Bc1 Rd8 12. a4 c6 13. Bf1 Nf8 14. Ba3 Qc7 15. Qc1 Ng6 16. g3 Re8 17. Nd2 Be6 18. Qb2 Rad8 19. Rab1 Bc8 20. Bg2 h6 21. Nc4 b6 22. Rbd1 Be6 23. Ne3 Qc8 24. Nf5 Qc7 25. Ne3 Bd7 26. c4 exd4 27. Qxd4 c5 28. Qa1 Nh7 29. Nd5 Qc8 30. Bb2 f6 31. f4 Bg4 32. Rd2 Ne7 33. e5 dxe5 34. fxe5 Nxd5 35. Bxd5+ Rxd5 36. Rxd5 Ng5 37. Re3 Qf5 38. Qe1 Bf3 39. h4 Qh3 40. Re2 Bxd5 41. hxg5 Qh1+ 42. Kf2 Qg2+ 43. Ke3 Qf3+ 44. Kd2 Bxc4 45. Re4 Bf7 46. gxf6 Rd8+ 47. Kc1 Bh5 48. f7+ Kf8 49. g4 Bxg4 50. Rxg4 Qxg4 51. e6 Ke7 0-1

[Event "New York Open"]
[Site "Newark, NJ USA"]
[Date "1995.??.??"]
[Round "?"]
[White "Antonio, Rogelio jr"]
[Black "Van der Sterren, Paul"]
[Result "1/2-1/2"]
[WhiteElo "2495"]
[BlackElo "2560"]
[PlyCount "96"]
[EventDate "1995.04.12"]
[Source "www.chesslib.no"]
[SourceDate "2004.05.04"]

1. e4 e5 2. Nf3 Nc6 3. Nc3 Nf6 4. Bb5 Bb4 5. O-O O-O 6. d3 d6 7. Bg5 Bxc3 8. bxc3 Qe7 9. Re1 Nd8 10. d4 Ne6 11. Bc1 Rd8 12. a4 c5 13. Bf1 Qc7 14. d5 Nf8 15. Nd2 Ng6 16. Nc4 h6 17. g3 Re8 18. Bg2 b6 19. h4 Ba6 20. Ne3 c4 21. Qf3 Nh7 22. Ba3 Rad8 23. Reb1 Ne7 24. Rb4 Nf6 25. Bc1 Rf8 26. g4 Nd7 27. h5 f6 28. Bf1 Rb8 29. Bd2 Nc5 30. Nxc4 Bxc4 31. Bxc4 a5 32. Rbb1 Rfd8 33. Bb5 Rf8 34. Re1 Nc8 35. Reb1 Na7 36. Bd3 Qd7 37. Qf5 Qe8 38. Ra3 Nxa4 39. Rab3 Kh8 40. Be3 Qd8 41. Kg2 Qc7 42. Qf3 Nc5 43. R3b2 Rb7 44. Bxc5 dxc5 45. Ba6 Rbb8 46. Qf5 Rfd8 47. c4 Rd6 48. Qf3 Qd7 1/2-1/2

[Event "Prague"]
[Site "Prague"]
[Date "1993.??.??"]
[Round "3"]
[White "Kveinys, Aloyzas"]
[Black "Smejkal, Jan"]
[Result "1-0"]
[WhiteElo "2535"]
[BlackElo "2515"]
[PlyCount "72"]
[EventDate "1993.09.??"]
[Source "ChessBase"]

1. e4 e5 2. Nf3 Nc6 3. Nc3 Nf6 4. Bb5 Bb4 5. O-O O-O 6. d3 Bxc3 7. bxc3 d6 8. Bg5 Qe7 9. Re1 h6 10. Bh4 Bd7 11. Nd2 a6 12. Ba4 b5 13. Bb3 Nd8 14. d4 c5 15. Bd5 Ra7 16. f4 cxd4 17. fxe5 dxe5 18. cxd4 Nc6 19. Bxc6 Bxc6 20. d5 Bd7 21. c4 Rc7 22. Rc1 Rfc8 23. Rf1 g5 24. Bg3 bxc4 25. Rc3 Ne8 26. Qh5 Kg7 27. Rxf7+ Qxf7 28. Bxe5+ Kg8 29. Qxh6 Ng7 30. Rf3 Qe7 31. Bc3 Qc5+ 32. Kh1 Bg4 33. h3 Bxf3 34. Nxf3 Qf2 35. Bd4 Qf1+ 36. Kh2 Rf8 1-0

[Event "Berga Open"]
[Site "Berga"]
[Date "1993.??.??"]
[Round "4"]
[White "Ivanov, Alexander"]
[Black "Marin, Mihail"]
[Result "1/2-1/2"]
[WhiteElo "2535"]
[BlackElo "2515"]
[PlyCount "29"]
[EventDate "1993.08.??"]
[Source "www.chesslib.no"]
[SourceDate "2004.05.04"]

1. e4 e5 2. Nf3 Nc6 3. Nc3 Nf6 4. Bb5 Bb4 5. O-O O-O 6. d3 d6 7. Bxc6 bxc6 8. Ne2 Re8 9. c3 Bc5 10. Ng3 d5 11. Nxe5 Rxe5 12. d4 Re8 13. dxc5 Ba6 14. Re1 Nxe4 15. Nxe4 1/2-1/2

[Event "Moscow Alekhine op"]
[Site "Moscow"]
[Date "1996.??.??"]
[Round "7"]
[White "Chekhov, Valery A"]
[Black "Aleksandrov, Aleksej"]
[Result "1/2-1/2"]
[WhiteElo "2505"]
[BlackElo "2535"]
[PlyCount "148"]
[EventDate "1996.??.??"]
[Source "www.chesslib.no"]
[SourceDate "2004.05.04"]

1. e4 e5 2. Nf3 Nc6 3. Nc3 Nf6 4. Bb5 Bb4 5. O-O O-O 6. d3 d6 7. Bg5 Bxc3 8. bxc3 Qe7 9. Re1 Nd8 10. d4 Ne6 11. Bc1 Rd8 12. Bf1 c6 13. g3 Qc7 14. a4 b6 15. Bg2 Bb7 16. Bb2 Re8 17. Qd2 Rad8 18. Rad1 c5 19. d5 Nf8 20. c4 Ng6 21. Ra1 Bc8 22. Qd3 Bd7 23. Bc1 Rb8 24. Nd2 Qc8 25. Nb1 Re7 26. Nc3 Ne8 27. Bd2 Bh3 28. Bh1 a6 29. Rab1 Reb7 30. Rb2 Bd7 31. Reb1 Nc7 32. Bg2 Qe8 33. Ra1 Qc8 34. h4 h6 35. Kh2 f6 36. Qf1 Kh7 37. Bh3 Bxh3 38. Qxh3 Qxh3+ 39. Kxh3 Nf8 40. h5 Nd7 41. Rab1 Kg8 42. Nd1 Kf7 43. Ne3 Ne8 44. Nf5 Ra7 45. a5 Rab7 46. Kg2 Kf8 47. Kf3 Kf7 48. Ke2 Kf8 49. Rb3 Kf7 50. g4 Kf8 51. axb6 Ra8 52. Ba5 Rab8 53. Kd3 Kf7 54. Bd2 Ra8 55. Ra1 Kf8 56. Ba5 Kf7 57. Rab1 Rab8 58. Ke2 Kf8 59. Bd2 Kf7 60. Rf3 Kf8 61. Ba5 Kf7 62. g5 hxg5 63. h6 gxh6 64. Rh3 Nf8 65. Rxh6 Rd7 66. Rbh1 Ng7 67. Nxg7 Kxg7 68. Kf3 Rf7 69. Kg4 Rbb7 70. Kf5 Rbd7 71. b7 Rxb7 72. Bd8 Kg8 73. Rh8+ Kg7 74. R8h6 Kg8 1/2-1/2

[Event "Asker 75th"]
[Site "Asker"]
[Date "1997.11.30"]
[Round "9"]
[White "Hellsten, Johan"]
[Black "Gausel, Einar"]
[Result "1/2-1/2"]
[WhiteElo "2495"]
[BlackElo "2540"]
[PlyCount "24"]
[EventDate "1997.11.22"]
[Source "ChessBase"]
[SourceDate "1998.01.31"]

1. e4 e5 2. Nf3 Nc6 3. Nc3 Nf6 4. Bb5 Bb4 5. O-O O-O 6. d3 Bxc3 7. bxc3 d6 8. Bg5 Qe7 9. Re1 Nd8 10. d4 Ne6 11. Bc1 c6 12. Bf1 Qc7 1/2-1/2

[Event "Cappelle Open"]
[Site "Cappelle la Grande FRA"]
[Date "1993.??.??"]
[Round "9"]
[White "Istratescu, Andrei"]
[Black "Rausis, Igors"]
[Result "0-1"]
[WhiteElo "2470"]
[BlackElo "2560"]
[PlyCount "82"]
[EventDate "1993.02.??"]
[Source "www.chesslib.no"]
[SourceDate "2004.05.04"]

1. e4 e5 2. Nf3 Nc6 3. Nc3 Nf6 4. Bb5 Bb4 5. O-O O-O 6. d3 Bxc3 7. bxc3 d6 8. Bg5 Qe7 9. Re1 Nd8 10. d4 Ne6 11. Bc1 c6 12. Bf1 Qc7 13. g3 Re8 14. Bg2 Qa5 15. Bd2 Nf8 16. h3 Ng6 17. Nh2 h6 18. h4 Qa4 19. Be3 Qa5 20. Qd2 Be6 21. f4 exf4 22. Bxf4 Rad8 23. Re3 Ng4 24. Nxg4 Bxg4 25. Ree1 Re6 26. Qd3 Rde8 27. Bd2 Qh5 28. Re3 R6e7 29. Rf1 Nf8 30. Rf4 Nd7 31. Qf1 Qg6 32. Rxg4 Qxg4 33. Bh3 Qh5 34. Bf5 g6 35. g4 Qxh4 36. Rh3 Qf6 37. Bxh6 Rxe4 38. Bxe4 Rxe4 39. Rg3 Qxf1+ 40. Kxf1 Nf6 41. g5 Ng4 0-1

[Event "Jakarta op"]
[Site "Jakarta"]
[Date "1997.??.??"]
[Round "?"]
[White "Iuldachev, Saidali"]
[Black "Tu Hoang Thong"]
[Result "1-0"]
[WhiteElo "2555"]
[BlackElo "2475"]
[PlyCount "101"]
[EventDate "1997.??.??"]
[Source "www.chesslib.no"]
[SourceDate "2004.05.04"]

1. e4 e5 2. Nf3 Nc6 3. Nc3 Nf6 4. Bb5 Bb4 5. O-O O-O 6. d3 d6 7. Bg5 Bxc3 8. bxc3 Qe7 9. Re1 Nd8 10. d4 Ne6 11. Bh4 Nf4 12. Nd2 c6 13. Bf1 Ng6 14. Bg3 Rd8 15. a4 Ne8 16. Nc4 Nc7 17. Qf3 Qg5 18. h3 Be6 19. Na5 Rdb8 20. Rab1 Bc8 21. Nc4 Ne8 22. Red1 b6 23. dxe5 dxe5 24. h4 Nxh4 25. Bxh4 Qxh4 26. Nxe5 Be6 27. g3 Qg5 28. Qf4 Qh5 29. Nxc6 Rb7 30. Rd8 Rxd8 31. Nxd8 Rc7 32. Bb5 Bd7 33. c4 f6 34. Qd2 Bxb5 35. Rxb5 Qg6 36. Qd5+ Kh8 37. c5 h6 38. c6 Re7 39. Ne6 Qg4 40. c7 Nxc7 41. Nxc7 Rxe4 42. Rb1 Rxa4 43. Re1 Rd4 44. Qa8+ Kh7 45. Kg2 Rc4 46. Ne6 h5 47. Qd5 Kh6 48. Qd8 Kh7 49. Nf8+ Kh6 50. Qd2+ g5 51. Re7 1-0

[Event "It"]
[Site "Surakarta/Denpasar INA"]
[Date "1983.11.??"]
[Round "4"]
[White "Radulov, Ivan G"]
[Black "Kovacevic, Vlatko"]
[Result "1/2-1/2"]
[WhiteElo "2490"]
[BlackElo "2540"]
[PlyCount "39"]
[EventDate "1983.11.??"]
[Source "www.chesslib.no"]
[SourceDate "2004.05.04"]

1. e4 e5 2. Nf3 Nc6 3. Nc3 Nf6 4. Bb5 Bb4 5. O-O O-O 6. d3 Bxc3 7. bxc3 d6 8. Bg5 Qe7 9. Bxc6 bxc6 10. Nd2 h6 11. Bxf6 Qxf6 12. Rb1 c5 13. Qe2 Be6 14. Rb7 Rfb8 15. Rfb1 Qd8 16. Qd1 Rxb7 17. Rxb7 Qc8 18. Rb2 Rb8 19. Qb1 Rb6 20. c4 1/2-1/2

[Event "Bad Homburg"]
[Site "Bad Homburg"]
[Date "1996.??.??"]
[Round "5"]
[White "Gabriel, Christian"]
[Black "Unzicker, Wolfgang"]
[Result "1-0"]
[WhiteElo "2565"]
[BlackElo "2460"]
[PlyCount "113"]
[EventDate "1996.07.20"]
[Source "ChessBase"]

1. e4 e5 2. Nf3 Nc6 3. Nc3 Nf6 4. Bb5 Bb4 5. O-O O-O 6. d3 d6 7. Bg5 Bxc3 8. bxc3 Qe7 9. Re1 Nd8 10. d4 Bg4 11. h3 Bh5 12. g4 Bg6 13. d5 c6 14. Bf1 Rc8 15. c4 b6 16. Nd2 h6 17. Bh4 Nb7 18. a4 Nc5 19. a5 Bh7 20. f3 g5 21. Bf2 Qc7 22. h4 Ne8 23. hxg5 hxg5 24. Nb1 cxd5 25. cxd5 f6 26. axb6 axb6 27. Na3 Rf7 28. Bb5 Qd8 29. Bc6 Ra7 30. Nc4 Rxa1 31. Qxa1 Qc7 32. Rb1 Rb8 33. Rxb6 Rxb6 34. Nxb6 Qxb6 35. Bxe8 Kg7 36. Kg2 Bg6 37. Bc6 Qb4 38. Qa7+ Kh6 39. Qa8 Kg7 40. Qa7+ Kh6 41. Bxc5 dxc5 42. Qa8 Kg7 43. Qb7+ Qxb7 44. Bxb7 Kf7 45. Bc6 Ke7 46. Kf2 Kd6 47. Ke3 c4 48. Kd2 Kc5 49. c3 Kb6 50. Kc2 Bf7 51. Kb2 Bg6 52. Ka3 Ka5 53. Bd7 Bh7 54. Be8 Bg8 55. Bd7 Bh7 56. Be6 Bg6 57. d6 1-0

[Event "ARG-ch"]
[Site "Buenos Aires"]
[Date "1998.04.16"]
[Round "2"]
[White "Zarnicki, Pablo"]
[Black "Slipak, Sergio"]
[Result "1/2-1/2"]
[WhiteElo "2515"]
[BlackElo "2510"]
[PlyCount "73"]
[EventDate "1998.04.15"]
[Source "ChessBase"]
[SourceDate "1998.08.06"]

1. e4 e5 2. Nf3 Nc6 3. Nc3 Nf6 4. Bb5 Bb4 5. O-O O-O 6. d3 d6 7. Bg5 Bxc3 8. bxc3 h6 9. Bh4 Bd7 10. Rb1 a6 11. Ba4 b5 12. Bb3 Na5 13. d4 Nxb3 14. axb3 Bc6 15. Re1 Qe7 16. Qc1 Kh8 17. Qa3 Rfe8 18. d5 Bd7 19. Qa5 g5 20. Bg3 c6 21. c4 cxd5 22. cxd5 Rec8 23. c3 Nh5 24. Nd2 Nf4 25. Ra1 h5 26. c4 h4 27. Bxf4 gxf4 28. cxb5 Bxb5 29. Rec1 Rg8 30. Nf3 Qd7 31. Ne1 f3 32. Rc3 Be2 33. Kh1 Qg4 34. h3 fxg2+ 35. Kg1 Qxe4 36. Re3 Qf5 37. Qb4 1/2-1/2

[Event "Moscow4"]
[Site "Moscow RUS"]
[Date "1991.??.??"]
[Round "?"]
[White "Kuzmin, Gennadi P"]
[Black "Kharitonov, Andrei Y"]
[Result "1/2-1/2"]
[WhiteElo "2535"]
[BlackElo "2490"]
[PlyCount "51"]
[EventDate "1991.??.??"]
[Source "www.chesslib.no"]
[SourceDate "2004.05.04"]

1. e4 e5 2. Nf3 Nc6 3. Nc3 Nf6 4. Bb5 Bb4 5. O-O O-O 6. d3 d6 7. Ne2 Ne7 8. c3 Ba5 9. Ng3 c6 10. Ba4 Ng6 11. d4 Re8 12. Bb3 h6 13. h3 exd4 14. Nxd4 d5 15. exd5 Nxd5 16. Ndf5 Qf6 17. Qf3 Ne5 18. Qh5 Nd3 19. Bxd5 cxd5 20. Nd4 Bb6 21. Qxd5 Rd8 22. Qe4 Bxd4 23. cxd4 Qxd4 24. Qxd4 Rxd4 25. Be3 Rd5 26. Rfd1 1/2-1/2

[Event "FRA"]
[Site "France"]
[Date "1993.??.??"]
[Round "?"]
[White "Degraeve, Jean-Marc"]
[Black "Spassky, Boris Vasily"]
[Result "1/2-1/2"]
[WhiteElo "2455"]
[BlackElo "2565"]
[PlyCount "24"]
[EventDate "1993.??.??"]
[Source "www.chesslib.no"]
[SourceDate "2004.05.04"]

1. e4 e5 2. Nf3 Nc6 3. Nc3 Nf6 4. Bb5 Bb4 5. O-O O-O 6. d3 d6 7. Bg5 Bxc3 8. bxc3 h6 9. Bh4 Bd7 10. Rb1 a6 11. Ba4 Rb8 12. Bb3 Qe7 1/2-1/2

[Event "CZE Team Ch 9495"]
[Site "Czech Republic"]
[Date "1995.??.??"]
[Round "3"]
[White "Keitlinghaus, Ludger"]
[Black "Mokry, Karel"]
[Result "0-1"]
[WhiteElo "2495"]
[BlackElo "2525"]
[PlyCount "80"]
[EventDate "1994.??.??"]
[Source "www.chesslib.no"]
[SourceDate "2004.05.04"]

1. e4 e5 2. Nf3 Nc6 3. Nc3 Nf6 4. Bb5 Bb4 5. O-O O-O 6. d3 Bxc3 7. bxc3 d6 8. Bxc6 bxc6 9. h3 h6 10. Nh2 d5 11. f4 exf4 12. e5 Nh7 13. Bxf4 c5 14. Qd2 c4 15. Rae1 cxd3 16. cxd3 a5 17. Nf3 Ra6 18. Kh2 Qe7 19. Qe3 Re8 20. Qd2 Nf8 21. Bg3 Bf5 22. Bh4 Qd7 23. g4 Bg6 24. Nd4 Rb6 25. Nf5 Reb8 26. Re2 Kh7 27. Ref2 Rb1 28. Rxb1 Rxb1 29. Qe3 Ne6 30. Qf3 Qa4 31. Qxd5 Bxf5 32. Rxf5 Rb2+ 33. Bf2 Qxa2 34. Qe4 Ng5 35. Qe3 Re2 36. Qc5 Ne6 37. Qa7 Qd5 38. d4 Qe4 39. Kg3 Rc2 40. Qxa5 Ng5 0-1

[Event "Camp. svizzero a sq. - Losanna-Mendrisi"]
[Site "Svizzera"]
[Date "2008.09.20"]
[Round "8.1"]
[White "Gallagher, Joseph"]
[Black "Godena, Michele"]
[Result "1/2-1/2"]
[WhiteElo "2481"]
[BlackElo "2539"]
[PlyCount "28"]
[EventDate "2008.03.02"]
[Source "www.chesslib.no"]
[SourceDate "2004.05.04"]

1. e4 e5 2. Nf3 Nc6 3. Nc3 Nf6 4. Bb5 Bb4 5. O-O O-O 6. d3 d6 7. Bg5 Ne7 8. Ne2 c6 9. Ba4 Ng6 10. c3 Bc5 11. Nh4 h6 12. Nxg6 fxg6 13. Bb3+ Kh8 14. Be3 Bh3 1/2-1/2

[Event "St Petersburg"]
[Site "St Petersburg RUS"]
[Date "1994.??.??"]
[Round "?"]
[White "Yemelin, Vasily"]
[Black "Smagin, Sergey B"]
[Result "1/2-1/2"]
[WhiteElo "2475"]
[BlackElo "2545"]
[PlyCount "89"]
[EventDate "1994.??.??"]
[Source "www.chesslib.no"]
[SourceDate "2004.05.04"]

1. e4 e5 2. Nf3 Nc6 3. Nc3 Nf6 4. Bb5 Bb4 5. O-O O-O 6. d3 d6 7. Bg5 Bxc3 8. bxc3 Qe7 9. Re1 Nd8 10. d4 Ne6 11. Bd2 c6 12. Bf1 Qc7 13. Nh4 exd4 14. cxd4 Nxd4 15. Bf4 Qb6 16. Rb1 Bg4 17. Qd3 Qc5 18. Be3 Qh5 19. Bxd4 Qxh4 20. Rxb7 c5 21. Bc3 Rfd8 22. Ba5 c4 23. Qd4 Re8 24. Qxd6 Bf3 25. Qc7 Rf8 26. Rxa7 Bxe4 27. Rxa8 Rxa8 28. Bxc4 Qg5 29. Rxe4 Nxe4 30. Qxf7+ Kh8 31. Qd5 Qxd5 32. Bxd5 Rxa5 33. Bxe4 Rxa2 34. Kf1 g5 35. Ke2 Kg7 36. Ke3 h6 37. f4 Ra3+ 38. Bd3 gxf4+ 39. Kxf4 Kf6 40. h4 Ra4+ 41. Be4 h5 42. g3 Rc4 43. Kf3 Ke5 44. Bg6 Rc3+ 45. Bd3 1/2-1/2

[Event "Corr"]
[Site "?"]
[Date "1995.??.??"]
[Round "?"]
[White "Pizzuto Samuele Tullio"]
[Black "Finocchiaro Fabio"]
[Result "1/2-1/2"]
[WhiteElo "2545"]
[BlackElo "2475"]
[PlyCount "53"]
[EventDate "1995.??.??"]
[Source "www.chesslib.no"]
[SourceDate "2004.05.04"]

1. e4 e5 2. Nf3 Nc6 3. Nc3 Nf6 4. Bb5 Bb4 5. O-O O-O 6. d3 d6 7. Bg5 Bxc3 8. bxc3 Qe7 9. d4 h6 10. Bh4 Bg4 11. h3 Bh5 12. g4 Bg6 13. d5 Nb8 14. Re1 a6 15. Bd3 Nbd7 16. c4 b6 17. Nd2 Qe8 18. Nf1 Nh7 19. Bg3 f6 20. h4 Nc5 21. f3 Bf7 22. Bf2 h5 23. Ng3 g5 24. Nf5 Bg6 25. Kh1 Bxf5 26. gxf5 Kh8 27. Rg1 1/2-1/2

[Event "ESP-chT"]
[Site "Barcelona"]
[Date "2000.08.07"]
[Round "3"]
[White "Campora, Daniel Hugo"]
[Black "Campos Moreno, Javier B"]
[Result "1/2-1/2"]
[WhiteElo "2526"]
[BlackElo "2491"]
[PlyCount "86"]
[EventDate "2000.08.05"]
[Source "ChessBase"]
[SourceDate "2000.09.14"]

1. e4 e5 2. Nf3 Nc6 3. Nc3 Nf6 4. Bb5 Bb4 5. O-O O-O 6. d3 d6 7. Ne2 Ne7 8. c3 Ba5 9. Ng3 c6 10. Ba4 Ng6 11. d4 Bb6 12. Be3 d5 13. Nxe5 Nxe5 14. dxe5 Nxe4 15. Nxe4 dxe4 16. Re1 Bf5 17. Bc2 Re8 18. Qxd8 Raxd8 19. Bxb6 axb6 20. Bxe4 Rxe5 21. Bxf5 Rxf5 22. Rad1 Rxd1 23. Rxd1 Rd5 24. Rxd5 cxd5 25. a4 Kf8 26. f4 Ke7 27. Kf2 Kd6 28. Ke3 Kc5 29. Kd3 b5 30. b4+ Kd6 31. axb5 b6 32. g4 f6 33. Kd4 g6 34. f5 g5 35. Kd3 Ke7 36. Ke2 Ke8 37. Kf3 Ke7 38. Ke3 Kd7 39. Ke2 Ke7 40. Kd2 Kd7 41. Kd3 Ke7 42. Ke2 Kd6 43. Ke3 Kd7 1/2-1/2

[Event "Deutschland"]
[Site "?"]
[Date "2005.03.13"]
[Round "8.1"]
[White "Popovic Petar"]
[Black "Lalic Bogdan"]
[Result "1/2-1/2"]
[WhiteElo "2501"]
[BlackElo "2515"]
[PlyCount "49"]
[EventDate "2005.??.??"]
[Source "www.chesslib.no"]
[SourceDate "2004.05.04"]

1. e4 e5 2. Nf3 Nc6 3. Nc3 Nf6 4. Bb5 Bb4 5. O-O O-O 6. d3 Bxc3 7. bxc3 d6 8. Bxc6 bxc6 9. h3 Re8 10. Bg5 h6 11. Bh4 Re6 12. Nh2 Qe8 13. c4 Nd7 14. Bg3 Rb8 15. f4 exf4 16. Bxf4 Rg6 17. Nf3 Nf8 18. Kh1 c5 19. Bd2 Qe7 20. Qe1 Bd7 21. Qf2 Re6 22. Be3 Ng6 23. Rab1 Rb6 24. Rb3 f5 25. exf5 1/2-1/2

[Event "1st Serbian League Men"]
[Site "Zlatibor SRB"]
[Date "2007.08.20"]
[Round "9"]
[White "Popovic, Pe"]
[Black "Pavlovic, Milos"]
[Result "1/2-1/2"]
[WhiteElo "2474"]
[BlackElo "2541"]
[PlyCount "23"]
[EventDate "2007.08.21"]
[Source "www.chesslib.no"]
[SourceDate "2004.05.04"]

1. e4 e5 2. Nf3 Nc6 3. Nc3 Nf6 4. Bb5 Bb4 5. O-O O-O 6. d3 Bxc3 7. bxc3 d6 8. Bxc6 bxc6 9. h3 Nd7 10. Re1 Nf6 11. c4 c5 12. g4 1/2-1/2

[Event "Moscow2"]
[Site "Moscow"]
[Date "1994.??.??"]
[Round "5"]
[White "Arkhipov, Sergey"]
[Black "Notkin, Maksim"]
[Result "1/2-1/2"]
[WhiteElo "2530"]
[BlackElo "2485"]
[PlyCount "53"]
[EventDate "1994.??.??"]
[Source "ChessBase"]

1. e4 e5 2. Nf3 Nc6 3. Nc3 Nf6 4. Bb5 Bb4 5. O-O O-O 6. d3 d6 7. Bg5 Bxc3 8. bxc3 Qe7 9. Re1 Nd8 10. d4 Ne6 11. Bc1 Rd8 12. Nh4 d5 13. Nf5 Qf8 14. exd5 Nxd5 15. Bd3 Nxc3 16. Qh5 e4 17. Bxe4 Nxe4 18. Rxe4 f6 19. Qe2 Kh8 20. h4 Nc5 21. Rf4 Ne6 22. Re4 Nc5 23. Ba3 Bxf5 24. Bxc5 Qg8 25. Rf4 Be6 26. a4 b6 27. Ba3 1/2-1/2

[Event "SUI-chT"]
[Site "SUI"]
[Date "2003.04.13"]
[Round "3.4"]
[White "Gallagher, Joseph G"]
[Black "Godena, Michele"]
[Result "1/2-1/2"]
[WhiteElo "2517"]
[BlackElo "2498"]
[PlyCount "45"]
[EventDate "2003.03.23"]
[Source "Roberto Alvarez"]
[SourceDate "2003.04.28"]

1. e4 e5 2. Nf3 Nc6 3. Nc3 Nf6 4. Bb5 Bb4 5. O-O O-O 6. d3 d6 7. Bg5 Ne7 8. Nh4 c6 9. Bc4 d5 10. Bb3 Qd6 11. Qf3 Rd8 12. h3 h6 13. Bxf6 Qxf6 14. Qxf6 gxf6 15. f4 a5 16. a4 Be6 17. exd5 Nxd5 18. Nxd5 cxd5 19. c3 Bc5+ 20. Kh1 Ra6 21. Bd1 Rb6 22. b3 Be3 23. fxe5 1/2-1/2

[Event "Lisbon Summer op"]
[Site "Lisbon"]
[Date "2000.08.28"]
[Round "8.1"]
[White "Gallagher, Joseph G"]
[Black "Sulskis, Sarunas"]
[Result "0-1"]
[WhiteElo "2514"]
[BlackElo "2497"]
[PlyCount "187"]
[EventDate "2000.08.21"]
[Source "www.chesslib.no"]
[SourceDate "2004.05.04"]

1. e4 e5 2. Nf3 Nc6 3. Nc3 Nf6 4. Bb5 Bb4 5. O-O O-O 6. d3 d6 7. Bg5 Bxc3 8. bxc3 Qe7 9. Re1 Nd8 10. d4 Ne6 11. Bc1 c5 12. Bf1 Rd8 13. g3 b6 14. d5 Nf8 15. Nh4 Ng6 16. Ng2 Bh3 17. Qd3 h6 18. Bd2 Qd7 19. c4 Nh7 20. Ne3 Re8 21. Bxh3 Qxh3 22. Nf5 Rad8 23. Qf1 Qxf1+ 24. Kxf1 Ne7 25. Nxe7+ Rxe7 26. a4 Nf6 27. a5 Rb8 28. f3 bxa5 29. Ke2 Kh7 30. Rxa5 g5 31. Ra6 Rb6 32. Rxb6 axb6 33. Rb1 Rb7 34. Kd3 Kg6 35. Ra1 Nd7 36. Ra8 Nb8 37. Kc3 f5 38. exf5+ Kxf5 39. Kd3 Kg6 40. Ke4 Nd7 41. Rg8+ Kf7 42. Rh8 Kg6 43. Rg8+ Kf7 44. Rd8 Kg6 45. Kd3 Ra7 46. h4 Rb7 47. hxg5 hxg5 48. g4 Ra7 49. Rg8+ Kf7 50. Rh8 Nf6 51. Bxg5 e4+ 52. fxe4 Ra3+ 53. Ke2 Nxe4 54. Bf4 Nc3+ 55. Kd2 Ne4+ 56. Ke2 Nc3+ 57. Ke1 Ra4 58. Bxd6 Ra1+ 59. Kd2 Ne4+ 60. Kd3 Nxd6 61. Rb8 Rd1+ 62. Kc3 Rb1 63. Kd3 Kf6 64. c3 Rb2 65. Rd8 Ke7 66. Rb8 Kd7 67. g5 Kc7 68. Rg8 Rg2 69. Rg7+ Kd8 70. Rg8+ Ke7 71. Rb8 Rg3+ 72. Kc2 Nxc4 73. Kb3 Rg4 74. g6 Na5+ 75. Ka3 Rxg6 76. Ka4 Kd7 77. Kb5 Kc7 78. Rh8 Rd6 79. Rh7+ Rd7 80. Rh6 Rxd5 81. c4 Nxc4 82. Kxc4 Rd6 83. Rh8 Kc6 84. Rc8+ Kb7 85. Rh8 Rd4+ 86. Kc3 Kc6 87. Rh1 Rg4 88. Rh2 Rg3+ 89. Kb2 c4 90. Rh5 b5 91. Rf5 Kb6 92. Rh5 Ka5 93. Rh1 Kb4 94. Kb1 0-1

[Event "Malmo"]
[Site "Malmo"]
[Date "1995.??.??"]
[Round "7"]
[White "Hellsten, Johan"]
[Black "Hjartarson, Johann"]
[Result "1/2-1/2"]
[WhiteElo "2420"]
[BlackElo "2590"]
[PlyCount "87"]
[EventDate "1995.05.??"]
[Source "ChessBase"]

1. e4 e5 2. Nf3 Nc6 3. Nc3 Nf6 4. Bb5 Bb4 5. O-O O-O 6. d3 d6 7. Bg5 Bxc3 8. bxc3 Qe7 9. Re1 Nd8 10. d4 Bg4 11. h3 Bh5 12. g4 Bg6 13. d5 h6 14. Bh4 c6 15. Bd3 Rc8 16. c4 b6 17. Nd2 Bh7 18. Nf1 g5 19. Bg3 Nb7 20. Qf3 Nc5 21. a4 cxd5 22. cxd5 Rc7 23. Nd2 Rfc8 24. a5 bxa5 25. Rxa5 Rb8 26. Qe3 Rcb7 27. f3 Qc7 28. Rxc5 dxc5 29. h4 gxh4 30. Bxh4 Ne8 31. Qxh6 Rb6 32. Qe3 Rg6 33. Nc4 f6 34. Bf2 Rc8 35. Ra1 Rg7 36. Ra5 Qd7 37. Rxc5 Rb8 38. Qe2 Bg6 39. Kg2 Rh7 40. Ra5 Rb1 41. Rxa7 Rbh1 42. Rxd7 R7h2+ 43. Kg3 Rh3+ 44. Kg2 1/2-1/2